El palomo cojo / (Record no. 8426)
[ view plain ]
| 000 -CABECERA | |
|---|---|
| campo de control de longitud fija | 00742nam a2200265 a 4500 |
| 001 - NÚMERO DE CONTROL | |
| campo de control | 000008656 |
| 005 - FECHA Y HORA DE LA ÚLTIMA TRANSACCIÓN | |
| campo de control | 20200929161359.0 |
| 008 - DATOS DE LONGITUD FIJA--INFORMACIÓN GENERAL | |
| campo de control de longitud fija | 930730s1994 sp 000 1 spa d |
| 010 ## - NÚMERO DE CONTROL DE LA BIBLIOTECA DEL CONGRESO | |
| Número de control de LC | 91214668 |
| 020 ## - NÚMERO INTERNACIONAL ESTÁNDAR DEL LIBRO | |
| Número Internacional Estándar del Libro | 8472233812 |
| 040 ## - FUENTE DE LA CATALOGACIÓN | |
| Centro catalogador/agencia de origen | DO-SdBNP |
| Centro/agencia transcriptor | MiU |
| Centro/agencia modificador | AzU |
| -- | IU |
| -- | DLC |
| 042 ## - CÓDIGO DE AUTENTICACIÓN | |
| Código de autenticación | lccopycat |
| 082 ## - NÚMERO DE LA CLASIFICACIÓN DECIMAL DEWEY | |
| Número de clasificación | 863.64 |
| Número de documento/Ítem | M536p, 1994 |
| 100 1# - ENTRADA PRINCIPAL--NOMBRE DE PERSONA | |
| Nombre de persona | Mendicutti, Eduardo, |
| Fechas asociadas al nombre | 1948- |
| 9 (RLIN) | 23095 |
| 245 13 - MENCIÓN DE TÍTULO | |
| Título | El palomo cojo / |
| Mención de responsabilidad, etc. | Eduardo Mendicutti. |
| 250 ## - MENCIÓN DE EDICIÓN | |
| Mención de edición | 4. ed. |
| 260 ## - PUBLICACIÓN, DISTRIBUCIÓN, ETC. | |
| Lugar de publicación, distribución, etc. | Barcelona : |
| Nombre del editor, distribuidor, etc. | Tusquets, |
| Fecha de publicación, distribución, etc. | 1994. |
| 300 ## - DESCRIPCIÓN FÍSICA | |
| Extensión | 240 p. ; |
| Dimensiones | 21 cm. |
| 490 1# - MENCIÓN DE SERIE | |
| Mención de serie | Andanzas |
| Designación de volumen o secuencia | 145 |
| 500 ## - NOTA GENERAL | |
| Nota general | Fiction. |
| 650 #4 - PUNTO DE ACCESO ADICIONAL DE MATERIA--TÉRMINO DE MATERIA | |
| Término de materia o nombre geográfico como elemento de entrada | Novela española |
| 9 (RLIN) | 1123 |
| 650 #4 - PUNTO DE ACCESO ADICIONAL DE MATERIA--TÉRMINO DE MATERIA | |
| Término de materia o nombre geográfico como elemento de entrada | Literatura española |
| 9 (RLIN) | 632 |
| 830 #0 - PUNTO DE ACCESO ADICIONAL DE SERIE-TÍTULO UNIFORME | |
| Título uniforme | Andanzas ; |
| Designación de volumen o secuencia | 145 |
| 9 (RLIN) | 18113 |
| 910 ## - DATOS DE OPCIÓN DEL USUARIO (OCLC) | |
| Datos de opción del usuario | Catalogación por copia / LC |
| Estado de retiro | Estado de pérdida | Restricciones de uso | No para préstamo | Código de colección | Localización permanente | Ubicación/localización actual | Ubicación en estantería | Fecha de adquisición | Número de inventario | Total de préstamos | Signatura topográfica completa | Código de barras | Fecha visto por última vez | Precio válido a partir de | Tipo de ítem Koha |
|---|---|---|---|---|---|---|---|---|---|---|---|---|---|---|---|
| Préstamo interno | Monografías: Libros y Folletos | General | General | En catalogación | 17.09.2009 | LF1 | 863.64 M536p, 1994 | 8656-10 | 25.06.2020 | 25.06.2020 | Préstamo interno |
